000 01588cam a22003977a 4500
003 CHAP
005 20220329141151.0
008 971010s1979 r 00010 d
010 _a63751
011 _a64723
035 _a70816
040 _cCHAP
082 _a378.242
_bM45
100 0 0 _aMéndez Alfaro, Medardo.
_976464
245 0 _aNormas para escribir artículos dirigidos a productores agrícolas
260 _aMéxico, D. F. :
_bINIA,
_c1979
300 _a102 p.
_b: ilus.
490 0 _aTema didáctico
_v; 8
590 _aBATCH-UPD
_b10
_c20130110
_lUCH01
_h1607
590 _aBATCH-UPD
_b10
_c20130410
_lUCH01
_h1003
590 _aBATCH-UPD
_b10
_c20130914
_lUCH01
_h1338
590 _aCONVERSION
_b10
_c20130109
_lUCH01
_h1334
650 1 4 _aExtensión agrícola.
_939144
650 1 4 _aTrabajos científicos
_xElaboración.
_9114562
830 0 _aTema didáctico
_v; 8
_9112115
901 _aBK
942 _cLIBRO
949 _a378.242 M43
_bBC
_cLIBRO
_d33724000429890
_eLIBRO
_h46647
_i70816
_si
949 _a378.242 M43
_bBC
_cLIBRO
_d33724000429908
_eLIBRO
_fc.2
_h46648
_i70816
_si
949 _a378.242 M43
_bBC
_cLIBRO
_d33724000429916
_eLIBRO
_fc.3
_h47747
_i70816
_si
949 _a378.242 M43
_bBC
_cLIBRO
_d33724000429924
_eLIBRO
_fc.4
_h48893
_i70816
_si
949 _a378.242 M43
_bBC
_cLIBRO
_d33724000429932
_eLIBRO
_fc.5
_h47008
_i70816
_si
949 _a378.242 M43
_bBC
_cLIBRO
_d33724000429940
_eLIBRO
_fc.7
_h71638
_i70816
_si
949 _a378.242 M43
_bBC
_cLIBRO
_d33724000429957
_eLIBRO
_fc.8
_h80202
_i70816
_si
949 _a378.242 M43
_bBC
_cLIBRO
_d33724000440541
_eLIBRO
_fc.6
_h46892
_i70816
_si
999 _c63751
_d63751